Ethylene stimulation aggravates tapping panel dryness in partially affected Hevea trees (Record no. 58863)

MARC details
000 -LEADER
fixed length control field 00664nam a2200193Ia 4500
100 ## - MAIN ENTRY--AUTHOR NAME
Personal name Krishnakumar R
245 #0 - TITLE STATEMENT
Title Ethylene stimulation aggravates tapping panel dryness in partially affected Hevea trees
260 ## - PUBLICATION, DISTRIBUTION, ETC. (IMPRINT)
Name of publisher PLACROSYM XVIII. 10-13 December 2008, National Research Centre for Cashew, Puttur, Karnataka. Journal of Plantation Crops, 36 (3): 315-321.
Year of publication 2008
520 ## - SUMMARY, ETC.
Summary, etc DL
650 ## - SUBJECT ADDED ENTRY--TOPICAL TERM
Topical Term Ethephon
650 ## - SUBJECT ADDED ENTRY--TOPICAL TERM
Topical Term Free radical scavenging
650 ## - SUBJECT ADDED ENTRY--TOPICAL TERM
Topical Term Tapping panel dryness
700 ## - ADDED ENTRY--PERSONAL NAME
Personal name Ambily P K
700 ## - ADDED ENTRY--PERSONAL NAME
Personal name Annamalainathan K
700 ## - ADDED ENTRY--PERSONAL NAME
Personal name Jacob J
700 ## - ADDED ENTRY--PERSONAL NAME
Personal name Renjini Raghavan
942 ## - ADDED ENTRY ELEMENTS (KOHA)
Koha item type Journals
Holdings
Withdrawn status Lost status Damaged status Not for loan Home library Current library Shelving location Date acquired Koha item type
      Journals RRII Library RRII Library Plant physiology 17/12/2008 Journals